000 00577nam a22001937a 4500
003 KOHA_MİRAKIL
005 20251116154449.0
008 251116b tu ||||| |||| 00| 0 tur d
020 _a9789750861666
040 _aTR-AnABB
_btur
_cTR-AnABB
041 _atur
082 _a891.858703
_bGOM 2024
100 1 _aGombrowicz, Witold,
245 1 0 _aAltı saat on beş dakikada felsefe dersleri /
_cWitold Gombrowicz
260 _aİstanbul :
_bYapı Kredi Yayınları,
_c2024
300 _a88 sayfa ;
_c21 cm
650 0 4 _aPolonya edebiyatı, roman
942 _2ddc
_cBK
999 _c9444
_d9444
900 _bGizem YORULMAZ